000 00626nam a2200193Ia 4500
005 20250508153350.0
008 008 250505s9999 xx 000 0 eng d
037 _aTextual
040 _aFEDL
_beng
_cFEDL
041 _aeng
_2eng
084 _a378, UNI
_qFEDL
100 _aHollis Ernest V
_9757864
245 0 _aSurvey of state legislation relating to higher education July 1, 1956, to June 30, 1957
260 _aWashington, USA
_bU.S. Government Printing Office
_c1957
300 _aiv,104p.
700 _a Land William G Martorana S V
_9763780
942 _cTEXL
_h378, UNI
999 _c1342334
_d1342334